00141 a2200073 450000100060000010000170000624500250002326000190004824093 aThomson, G.S aExercises in physics abMurrayc1965